| 000 | 01680nam a2200529 i 4500 | ||
|---|---|---|---|
| 001 | 46209 | ||
| 003 | KOSZ 005 | ||
| 005 | 20220222125705.0 | ||
| 008 | 000228s1999 pl a |001 0 pol | ||
| 015 | _aUWD 2000/3426 | ||
| 020 | _a832134108X | ||
| 035 | _a991012987799705066 | ||
| 035 | _a(PL-WaBN)b1350647x-48omnis_nlop | ||
| 035 | _ab1350647x | ||
| 035 | _a(OCoLC)751115100 | ||
| 035 | _axx001651711 | ||
| 035 | _a(PL)b0000001350647 | ||
| 035 | _a(EXLNZ-48OMNIS_NETWORK)9910061815405606 | ||
| 040 |
_aWA N _cWA N _dWA N _dKOSZ 005/HR |
||
| 041 | 1 |
_apol _heng |
|
| 080 | _a643/645 | ||
| 080 | _a747 | ||
| 080 | _a(02.025.2) | ||
| 080 | _a(083.1) | ||
| 100 | 1 |
_aConran, Terence _d(1931-2020) _eAutor |
|
| 245 | 1 | 0 |
_aNowoczesne wnętrza / _cTerence Conran ; [tł. Ewa Gorządek]. |
| 246 | 1 |
_iTyt. oryg.: _aEssential house book |
|
| 260 |
_aWarszawa : _b"Arkady", _c1999. |
||
| 300 |
_a272 s. : _bil. kolor. ; _c36 cm. |
||
| 336 |
_aTekst _btxt _2rdacontent |
||
| 337 |
_aBez urządzenia pośredniczącego _bn _2rdamedia |
||
| 338 |
_aWolumin _bnc _2rdacarrier |
||
| 380 | _aKsiążki | ||
| 388 | _a1901-2000 | ||
| 388 | _a1989-2000 | ||
| 500 | _aTyt. oryg.: The essential house book, 1994. | ||
| 504 | _aIndeks. | ||
| 650 | 7 |
_aWnętrza architektoniczne _2DBN |
|
| 650 | 7 |
_aWyposażenie mieszkań _2DBN |
|
| 655 | 7 |
_aPoradnik _2DBN |
|
| 658 | _aDom i ogród | ||
| 700 | 1 |
_aGorządek, Ewa _eTłumaczenie |
|
| 710 | 2 |
_aWydawnictwo Arkady _4pbl |
|
| 856 |
_uhttp://koha.tu.koszalin.pl/cgi-bin/koha/opac-detail.pl?biblionumber=46209 _yKatalog online BPK |
||
| 942 |
_2UKD _cKS |
||
| 999 |
_c46209 _d46209 |
||